Gramática castellana : según los principios de la Real Academia Española /

Salvato in:
Dettagli Bibliografici
Autore principale: F.T.D (autor)
Natura: Libro
Lingua:spagnolo
Edizione:8a edición
Soggetti:
Tags: Aggiungi Tag
Nessun Tag, puoi essere il primo ad aggiungerne!!

MARC

LEADER 00000nam^a2200000^a^4500
001 000301439
005 20250526000000.0
009 20260310112545.291
025 |a Donación Robles Martínez, 1 ejemplar 
037 |a Acervo ITESO - Biblioteca 
041 |a ESP 
082 |a 465.  |b FTD 
100 |a F.T.D.  |e (autor) 
245 1 0 |a Gramática castellana :  |b según los principios de la Real Academia Española /  |c F.T.D. 
250 |a 8a edición 
264 |a México :  |b editorial no identificada,  |c 1920 
300 |a 198 p. ;  |c 16.0 cm. 
649 |a XX 
650 |a Español -  |x Estudio y Enseñanza 
650 |a Gramática 
910 |a Fondo Robles Martínez 
920 |a Impresos - Libros 
930 |a Libros Antiguos y Raros 
905 |a 108 
901 |a 0500187436  |b IT2  |c LRA  |i D  |u 20250526 
902 |a https://opac.biblio.iteso.mx/vufind/Record/000301439